000 00452cam a2200181ua 4500
001 11583
005 20260515114754.0
008 191010n ii |||gr||||Z||||||eng
020 _a9780143426905
040 _cMAIN
082 _a822
100 _aWilliam Shakespeare,
_eAuthor.
245 _aTwelfth night
_cBy William Shakespeare
260 _aHaryana:
_bPenguine random house ,
_c2016.
300 _a126p.
653 _aEnglish drama
942 _cBK
999 _c10390
_d10390